000 01234naa a22003377a 4500
001 BR7804575
003 BR-BrBNA
005 20240918174130.0
007 ta
008 230509b bl.||||| |||| 00| 0 por d
040 _aBR-BrBNA
_bpor
_cBiblioteca Nacional de Agricultura
041 _a(Pt)
072 _aP20; P00
_b/G514
090 _aP20 BR7804575
110 1 _aSecretaria Municipal do Meio Ambiente, Porto Alegre, RS (Brasil)
_99163
111 1 _a1. Simposio Nacional de Ecologia
_cCuritiba, PR (Brazil)
_d26 Sep 1978
245 1 _aDiretrizes e manejo para a area de preservacao permanente do Parque Saint' Hilaire [Rio Grande do Sul; Brasil]
260 3 _aCuritiba, PR (Brasil):
_c1978.
500 _aAnais do 1. Simposio Nacional de Ecologia Curitiba, PR (Brasil): 1978. v. 3 p. 20-31 (BR7804575-AM)P20
650 _aRecurso da terra
650 _aRecurso natural
650 _aFauna
650 _aFlora
650 _aConservacao
650 _aParque nacional
650 _aReserva biologica
650 _aRio Grande do Sul
773 0 _tAnais do 1. Simposio Nacional de Ecologia
_wP20 BR7804575
_gCuritiba, PR (Brasil), 1978. v. 3 p. 20-31
909 _a202404
_bLucia
_c55
_dLucia Elande
942 _cAM
_2AGRIS
999 _c309117
_d309117